000 00550nam a2200229Ia 4500
003 OSt
005 20220918195513.0
006 a|||||r|||| 00| 0
007 ta
008 220917b |||||||| |||| 00| 0 eng d
024 _a85,154
037 _cTextual
040 _aARTS
_cARTS
_beng
041 _2eng
_aeng
082 _aSM95:5, G7
100 _aHoyland J S
_990452
245 0 _aThat inferiority feeling
260 _c1937
650 _aPSYCHOLOGY
942 _hSM95:5, G7
_cTEXL
_2CC
999 _c208868
_d208868